000 00258nam a22001217a 4500
041 _aENG
100 _aKumar .S
245 _aTreasure Of r.c.c Designs
260 _aDelhi
_bStandard Book House
_c2009
300 _a1284
650 _aFS
856 _uFS ( 8 )
999 _c868
_d868